Diez años de actividades 1971-1981-Washington: Secretaría de Estados Américanos / Comisión Interamericana de Derechos Humanos (Registro nro. 242)

Detalles MARC
000 -LEADER
fixed length control field 00615nam a22001931a 4500
001 - CONTROL NUMBER
control field 242
003 - CONTROL NUMBER IDENTIFIER
control field OSt
005 - DATE AND TIME OF LATEST TRANSACTION
control field 20260204211645.0
008 - FIXED-LENGTH DATA ELEMENTS--GENERAL INFORMATION
fixed length control field 031124s1982||||xxu||||||b||||||||||spa||
020 ## - NUMERO DE LIBRO INTERNACIONAL NORMALIZADO
International Standard Book Number 0827014201
050 ## - LIBRARY OF CONGRESS CALL NUMBER
Classification number 323 C735i
082 ## - DEWEY DECIMAL CLASSIFICATION NUMBER
Classification number 323 C735i
110 ## - ASIENTO PRINCIPAL -- NOMBRE CORPORATIVO
Corporate name or jurisdiction name as entry element Comisión Interamericana de Derechos Humanos
245 ## - TÍTULO PROPIAMENTE DICHO: SUBTÍTULO
Title Diez años de actividades 1971-1981-Washington: Secretaría de Estados Américanos / Comisión Interamericana de Derechos Humanos
264 ## - PRODUCTION, PUBLICATION, DISTRIBUTION, MANUFACTURE, AND COPYRIGHT NOTICE
Place of production, publication, distribution, manufacture Estados Unidos de América : Secretaría de Estados Américanos
300 ## - PHYSICAL DESCRIPTION
Extensión 401 p
650 ## - ASIENTO SECUNDARIO DE MATERIA -- TERMINO TEMÁTICO
Termino Temático Como Elemento de Entrada 1.Derechos HumanosÌ
942 ## - ADDED ENTRY ELEMENTS (KOHA)
Source of classification or shelving scheme Dewey Decimal Classification
Koha item type Libros
Existencias
Withdrawn status Lost status Source of classification or shelving scheme Damaged status Not for loan Current library Date acquired Total Checkouts Full call number Barcode Date last seen Price effective from Koha item type
    Dewey Decimal Classification     Biblioteca UTECO 09/09/2019   323 C735I 005006 09/09/2019 09/09/2019 Libros
© 2021 Derechos Reservados UTECO - Teléfono: +1 809-585-2291 - Correo electrónico: biblioteca@uteco.edu.do​  
Código postal 43000 ​​
Dirección: Avenida Universitaria No. 100, 
Cotuí, Provincia Sánchez Ramírez, República Dominicana - RNC: 404-00059-6